Interaction of Insecticides with Different Parts of Karavi (Thevetia Neriifolia Juss.) Extracts in Resistant and Susceptible Tribolium Castaneum (Herbst) / (Record no. 83802)
[ view plain ]
| 000 -LEADER | |
|---|---|
| fixed length control field | 01067nam a2200253 a 4500 |
| 001 - CONTROL NUMBER | |
| RUCL Control Number | 83802 |
| 003 - CONTROL NUMBER IDENTIFIER | |
| rucl marc code | BD-RjUL |
| 005 - DATE AND TIME OF LATEST TRANSACTION | |
| control field | 20240523111011.0 |
| 008 - FIXED-LENGTH DATA ELEMENTS--GENERAL INFORMATION | |
| fixed length control field | 240523s2003 bg a|||| m||| 00| 0 eng d |
| 035 ## - SYSTEM CONTROL NUMBER | |
| system control number | (BD-RjUL)83802 |
| 040 ## - CATALOGING SOURCE | |
| Original cataloging agency | BD-RjUL |
| Language of cataloging | eng |
| Transcribing agency | BD-RjUL |
| Modifying agency | BD-RjUL |
| 041 ## - LANGUAGE CODE | |
| Language code of Book | eng |
| 082 ## - DEWEY DECIMAL CLASSIFICATION NUMBER | |
| DDC Edition number | 23 |
| Classification number | 595.76 |
| Author mark and Year | PEI 2003 |
| 100 ## - MAIN ENTRY--PERSONAL NAME | |
| Personal name | Pervin, Afsana |
| 9 (RLIN) | 13133 |
| 245 10 - TITLE STATEMENT | |
| Title | Interaction of Insecticides with Different Parts of Karavi (Thevetia Neriifolia Juss.) Extracts in Resistant and Susceptible Tribolium Castaneum (Herbst) / |
| Statement of responsibility, etc | By Afsana Pervin ; |
| Name of Supervisor/Co-Supervisor | Supervisor : M. Khalequzzaman, Supervisor : Sawdagor Mahfuzar Rahman |
| 260 ## - PUBLICATION, DISTRIBUTION, ETC. (IMPRINT) | |
| Place of publication, distribution, etc | Rajshahi : |
| Name of publisher, distributor, etc | Department of Zoology, University of Rajshahi, |
| Date of publication, distribution, etc | 2003 |
| 300 ## - PHYSICAL DESCRIPTION | |
| Pagination | x, 306 Leaves : |
| Other physical details | ill, ; |
| Dimensions | 29 cm. |
| 502 ## - DISSERTATION NOTE | |
| Dissertation note | Thesis (Ph. D.) -- Department of Zoology, University of Rajshahi, 2003 |
| 504 ## - BIBLIOGRAPHY, ETC. NOTE | |
| Bibliography, etc | Literature Cited : Leaves [148]-176 |
| 650 ## - SUBJECT ADDED ENTRY--TOPICAL TERM | |
| Topical term or geographic name as entry element | Arthropoda |
| Form subdivision | Insecticides |
| 9 (RLIN) | 13134 |
| 700 ## - ADDED ENTRY--SUPERVISOR/CO-SUPERVISOR NAME | |
| Personal name | Khalequzzaman, M., Supervisor |
| 9 (RLIN) | 4602 |
| Personal name | Rahman, Sawdagor Mahfuzar, Supervisor |
| 9 (RLIN) | 13135 |
| 942 ## - ADDED ENTRY ELEMENTS (KOHA) | |
| Source of classification or shelving scheme | Dewey Decimal Classification |
| Koha item type | Theses |
| Source of classification or shelving scheme | Damaged status | Not for loan | Collection code | Permanent Location | Current Location | Shelving location | Date of accession | Source of acquisition | Total Checkouts | Full call number | Barcode | Date last seen | Copy number | Thesis |
|---|---|---|---|---|---|---|---|---|---|---|---|---|---|---|
| Dewey Decimal Classification | Not For Loan | Theses | Central Library, University of Rajshahi | Central Library, University of Rajshahi | Documentation Section | 17/04/2004 | Controller of Exam. R. U. | THE 595.76 PEI 2003 | D2218 | 23/05/2024 | C-I | Theses |